000
00332nam a2200157Ia 4500
100
_a
Peters/Tom
650
_a
General
942
_c
BK
366
_f
20
654
_a
passion
245
_a
A passion for excellence
260
_b
Profile Books
_a
Mumbai
_c
2003
082
_a
658.4092/PET
_b
PET
300
_a
437
546
_a
ENGLISH
999
_c
26844
_d
26844